000
00301nam a2200121Ia 4500
100
_a
Govindarajulu/B
942
_c
BK
654
_a
IBM PC
245
_a
IBM PC and Clones:Hardware trouble shooting and maintenance
260
_b
Tata Mc Graw hill
_a
New Delhi
_c
1991
300
_a
732
546
_a
ENGLISH
999
_c
23400
_d
23400